000 00895cam a2200241 a 4500
005 20160209122907.0
008 980826s19920000ec a 0 spa d
040 _aCO-BoPUJ
_cCO-BoIAVH
_dCO-BoIAVH
041 0 _aspa
044 _aec
082 0 4 _a581.634
_bP25m
100 1 _aParra Rizo, Jaime Hernando
245 1 0 _aMedicina tradicional del pueblo de Altaquer /
_cJaime Hernando Parra Rizo, Susan Virsano Bellow ; ilustraciones Boris Arteaga
250 _aPrimera edición
260 _aQuito (Ecuador) :
_bEdiciones Abya-Yala ;
_c1992.
300 _a233 páginas :
_bilustraciones ;
_c22 x 16 cm.
504 _aIncluye referencias bibliográficas:
_b3
650 2 4 _aNaturismo
_xNariño (Colombia)
650 2 6 _aPlantas medicinales
_xNariño (Colombia)
700 1 _aVirsano Bellow, Susan
700 1 _aArteaga, Boris
_eilustrador
942 _2ddc
_cLIBRO
999 _c4897
_d4897